| 000 | 01037nam a2200301 i 4500 | ||
|---|---|---|---|
| 003 | EG-ScBUE | ||
| 005 | 20230905112255.0 | ||
| 008 | 200219s2021 ctua f 001 0 eng d | ||
| 020 | _a9780831136550 | ||
| 040 |
_aEG-ScBUE _beng _erda _cEG-ScBUE _dEG-ScBUE |
||
| 082 | 0 | 4 |
_a003.301516 _222 _bMOR |
| 100 | 1 |
_aMortenson, Michael E., _d1939- _eauthor. |
|
| 245 | 1 | 0 |
_aVectors and matrices for geometric and 3D modeling / _cMichael E. Mortenson. |
| 264 | 1 |
_aSouth Norwalk, Connecticut : _bIndustrial Press, Inc., _c2021. |
|
| 300 |
_axiv, 250 pages : _billustrations ; _c28 cm |
||
| 336 |
_atext _btxt _2rdacontent |
||
| 337 |
_aunmediated _bn _2rdamedia |
||
| 338 |
_avolume _bnc _2rdacarrier |
||
| 500 | _aIncludes index. | ||
| 650 | 7 |
_aGeometry _xData processing. _2BUEsh |
|
| 650 | 7 |
_aMathematical models. _2BUEsh |
|
| 650 | 7 |
_aComputer graphics. _2BUEsh |
|
| 650 | 7 |
_aThree-dimensional display systems. _2BUEsh |
|
| 653 |
_bART _2GD |
||
| 655 | _vReading book | ||
| 906 |
_a7 _bcbc _ccopycat _d2 _eepcn _f20 _gy-gencatlg |
||
| 942 |
_2ddc _cBB |
||
| 999 |
_c30523 _d30494 |
||